MARC

Tag First Indicator Second Indicator Subfields
LEADER 00000cam a2200000 i 4500
001 in00001004313
005 20160727132148.0
008 830601t18981897enka j 000 p eng
010 |a  84167493  
035 |a (OCoLC)ocm11842076 
035 |a (OCoLC)11842076 
035 |9 11842076 
040 |a DLC  |b eng  |e rda  |c DLC  |d OCLCG  |d OCLCA  |d FUG  |d BUF  |d KRTAS  |d UKTTE  |d AU@  |d OCLCQ  |d EUM  |d OCLCA  |d ZCU  |d OCLCQ  |d OCLCO  |d UKMGB  |d LGG  |d OCLCF  |d RRR 
016 7 |a 001147085  |2 Uk 
019 |a 2149862  |a 221498805  |a 315185986  |a 751652009 
035 |a (OCoLC)11842076  |z (OCoLC)2149862  |z (OCoLC)221498805  |z (OCoLC)315185986  |z (OCoLC)751652009 
043 |a e-uk--- 
050 0 0 |a NE1300.8.G72  |b N522 1897 
050 1 4 |a K56.4463  |a 1898  |a A45  |a 1.1 
051 |a NE1300.8.G72  |b N522 1897 Copy 3  |c Gift of Mrs. William Montelle Carpenter, 1941. 
051 |a NE1300.8.G72  |b N522 1897 Copy 4  |c Part of the gift of Mrs. H. Dunscombe Colt, 1984-1987. 
082 0 0 |a 769.92/4  |2 19 
090 |a GV576  |b .N54 1898b 
049 |a TXAM 
100 1 |a Nicholson, William,  |d 1872-1949,  |e artist. 
245 1 3 |a An almanac of twelve sports /  |c by William Nicholson ; words by Rudyard Kipling. 
246 1 |i Title on t.p. verso:  |a Nicholson's almanac 
246 3 |a Almanac of 12 sports 
264 1 |a London :  |b William Heinemann,  |c 1898. 
264 4 |c ©1897 
300 |a 32 unnumbered pages :  |b color illustrations ;  |c 32 cm 
336 |a text  |b txt  |2 rdacontent 
336 |a still image  |b sti  |2 rdacontent 
337 |a unmediated  |b n  |2 rdamedia 
338 |a volume  |b nc  |2 rdacarrier 
500 |a The last 6-line verse and the advertisement for Nicholson's "The alphabet" are on the recto and verso of the last leaf. Another issue of 34 unnumbered pages has the last verse and advertisement on the last two leaves. 
500 |a The text was issued separately in 1897 as: Verses written for Nicholson's "Almanac for sports for 1898." Cf. Livingston 144. 
500 |a "The library edition of this almanac is printed on Japanese vellum bound in cloth, a few copies printed directly from the original woodblocks, hand-coloured and signed by the artist"--Title page verso. 
510 4 |a Livingston, F.V.M. Bibliography of the works of Rudyard Kipling,  |c 145 
510 4 |a Stewart, J.M. Rudyard Kipling: a bibliographical catalogue,  |c 175 
510 4 |a Catalogue of the works of Rudyard Kipling exhibited at the Grolier Club from February 21 to March 30, 1929,  |c 251 
510 4 |a Martindell, E.W. Bibliography of the works of Rudyard Kipling, 1881-1923 (New ed.),  |c 70 
600 1 0 |a Nicholson, William,  |d 1872-1949. 
600 1 4 |a Nicholson, William,  |c Sir,  |d 1872-1949. 
650 0 |a Sports  |v Juvenile poetry. 
650 0 |a Outdoor recreation  |v Juvenile poetry. 
650 0 |a Sports in art  |v Juvenile poetry. 
650 0 |a Children's poetry. 
600 1 7 |a Nicholson, William,  |d 1872-1949.  |2 fast  |0 (OCoLC)fst01716315 
650 7 |a Children's poetry.  |2 fast  |0 (OCoLC)fst00856335 
650 7 |a Outdoor recreation.  |2 fast  |0 (OCoLC)fst01049159 
650 7 |a Sports.  |2 fast  |0 (OCoLC)fst01130432 
650 7 |a Sports in art.  |2 fast  |0 (OCoLC)fst01130681 
655 0 |a Children's poetry  |y 1898. 
655 4 |a Ephemerides.Named Ephemerides. 
655 7 |a Juvenile works.  |2 fast  |0 (OCoLC)fst01411637 
655 7 |a Poetry.  |2 fast  |0 (OCoLC)fst01423828 
700 1 |a Kipling, Rudyard,  |d 1865-1936,  |e author. 
700 1 |a Heinemann, William,  |d 1863-1920,  |e publisher. 
710 2 |a Chandler Kipling Collection (Library of Congress)  |5 DLC 
710 2 |a Elizabeth Robins Pennell Collection (Library of Congress)  |5 DLC 
710 2 |a Carpenter Kipling Collection (Library of Congress)  |5 DLC 
710 2 |a Colt Kipling Collection (Library of Congress)  |5 DLC 
752 |a England  |d London. 
938 |a Kirtas Technologies, Inc.  |b KRTS  |n 474042 
948 |a updated  |b h  |c 2016/7/26  |d c  |e mkeyser  |f 1:57:13 pm 
994 |a C0  |b TXA 
999 f f |s a589af08-6c5a-31d2-9e2b-45abe7d11c41  |i 35210615-5fbe-3eb6-a053-0b4b4805476a  |t 0 
952 f f |p noncirc  |a Texas A&M University  |b College Station  |c Cushing Memorial Library & Archives  |d Cushing: Literature/Kipling (Does not check out)  |t 0  |e GV576 .N54 1898b  |f Oversize  |h Library of Congress classification  |i unmediated -- volume 
952 f f |p noncirc  |a Texas A&M University  |b College Station  |c Cushing Memorial Library & Archives  |d Cushing: Literature/Kipling (Does not check out)  |t 0  |e GV576 .N54 1898b  |f Oversize  |h Library of Congress classification  |i unmediated -- volume 
998 f f |a GV576 .N54 1898b  |t 0  |l Cushing: Literature/Kipling (Does not check out) 
998 f f |a GV576 .N54 1898b  |t 0  |l Cushing: Literature/Kipling (Does not check out)